Margot Loyola: la escena infinita del folklore
Uloženo v:
| Hlavní autor: | |
|---|---|
| Médium: | Kniha |
| Jazyk: | španělština |
| Vydáno: |
Santiago
Cuarto Propio
2018
|
| Vydání: | 1a. ed |
| Témata: | |
| Tagy: |
Přidat tag
Žádné tagy, Buďte první, kdo vytvoří štítek k tomuto záznamu!
|
MARC
| LEADER | 00000cam a2200000 a 4500 | ||
|---|---|---|---|
| 001 | UCC7490 | ||
| 003 | CL-VaPUC | ||
| 005 | 20230118134638.0 | ||
| 008 | 190329e20180000cl |||||||||||||||||spa|d | ||
| 999 | |c 374115 |d 374113 | ||
| 020 | |a 9789563960372 | ||
| 040 | |c Pontificia Universidad Católica de Valparaíso | ||
| 082 | 0 | 4 | |a 793.31 |b KUR |2 21 |
| 100 | |a Kurapel, Alberto |e author |9 736872 | ||
| 245 | 1 | 0 | |a Margot Loyola: la escena infinita del folklore |
| 250 | |a 1a. ed | ||
| 260 | |a Santiago |b Cuarto Propio |c 2018 | ||
| 300 | |a 192 p | ||
| 583 | |a last modification |c 20190329 16:06:00 |k Rodrigo Vera | ||
| 600 | 0 | |a Loyola Palacios, Margot |d 1918-2015 |9 614855 | |
| 650 | 0 | |a Bailes folkloricos |9 409912 | |
| 650 | 0 | |a Cantantes chilenos |9 409984 | |
| 650 | 0 | |a Música folklórica chilena |9 326575 | |
| 650 | 0 | |a Biografías |9 255210 | |
| 942 | |c BK |2 ddc | ||
| 945 | |d 20190329 16:06:00 |a dcastane | ||
| 952 | |0 0 |1 0 |3 erb |4 0 |6 793_310000000000000_KUR_2018 |7 0 |8 R |9 492534 |a BIBEDU |b BIBEDU |i 5541395 |l 1 |o 793.31 KUR 2018 |p 5541395 |r 2025-03-04 |s 2025-01-29 |w 2019-11-24 |y BK_R |z Catalogado en:20190329 |k MUS | ||